000 00630nam a2200217Ia 4500
003 OSt
005 20220928135856.0
006 a|||||r|||| 00| 0
007 ta
008 220927b |||||||| |||| 00| 0 eng d
024 _a5288
037 _cTextual
040 _aSDCL
_cSDCL
_beng
041 _2eng
_aeng
082 _aA.2F,N14, P3.2-.1
100 _aIndian Science Congress Association President Addresses
_9493048
245 0 _aShaping of Indian science.
260 _c2003
942 _hA.2F,N14, P3.2-.1
_cTEXL
_2CC
999 _c808771
_d808771